[Event "XXV C.to Italiano a squadre A"]
[Site "ITA"]
[Date "1993.??.??"]
[Round "1"]
[White "Tommasini, Enzo"]
[Black "Colombo, Paolo"]
[Result "1-0"]
[WhiteElo "2102"]
[BlackElo "2215"]
[PlyCount "79"]
[EventDate "1993.01.31"]

1. d4 f5 2. g3 g6 3. Bg2 Bg7 4. Nf3 Nh6 5. O-O O-O 6. Nbd2 d5 7. Ne5 c5 8. e3
e6 9. Ndf3 Nf7 10. b3 b6 11. Bb2 Ba6 12. c4 Nxe5 13. Nxe5 Qd6 14. Qc2 Nd7 15.
Nxd7 Qxd7 16. dxc5 Bxb2 17. Qxb2 bxc5 18. Rfd1 Bb7 19. Qe5 Rad8 20. Rd2 Qf7 21.
Rad1 Rfe8 22. Qc3 d4 23. exd4 Bxg2 24. Kxg2 Qf6 25. Qe3 cxd4 26. Rxd4 Rxd4 27.
Qxd4 e5 28. Qd7 Re7 29. Qc8+ Kg7 30. c5 f4 31. Rd7 f3+ 32. Kg1 e4 33. Qd8 Kh6
34. h4 Qa1+ 35. Rd1 Qe5 36. Rd5 Qf6 37. g4 Qxh4 38. Qf8+ Rg7 39. Qf4+ g5 40.
Rd6+ 1-0

[Event "XXV C.to Italiano a squadre A"]
[Site "ITA"]
[Date "1993.??.??"]
[Round "1"]
[White "Trabattoni, Franco"]
[Black "Maccagno, Giancarlo"]
[Result "1-0"]
[WhiteElo "2335"]
[BlackElo "2280"]
[PlyCount "53"]
[EventDate "1993.01.31"]

1. e4 c5 2. Nf3 e6 3. d4 cxd4 4. Nxd4 a6 5. Nc3 Qc7 6. g3 Nc6 7. Bg2 Nf6 8. O-O
Nxd4 9. Qxd4 Bc5 10. Bf4 d6 11. Qd2 Nh5 12. Be3 Bxe3 13. Qxe3 Bd7 14. Rad1 Bc6
15. Nd5 Bxd5 16. exd5 e5 17. f4 O-O 18. fxe5 dxe5 19. d6 Qxc2 20. Qxe5 Nf6 21.
Qc3 Qxc3 22. bxc3 Ra7 23. c4 b6 24. Rb1 Nd7 25. Rfe1 Rd8 26. Re7 Kf8 27. Bd5
1-0

[Event "XXV C.to Italiano a squadre A"]
[Site "ITA"]
[Date "1993.??.??"]
[Round "1"]
[White "Vallifuoco, Giovanni"]
[Black "Quinto, Gianni"]
[Result "0-1"]
[WhiteElo "2260"]
[BlackElo "2067"]
[PlyCount "94"]
[EventDate "1993.01.31"]

1. d4 Nf6 2. c4 c5 3. d5 e6 4. Nc3 exd5 5. cxd5 d6 6. e4 g6 7. f4 Bg7 8. Bb5+
Nfd7 9. a4 O-O 10. Nf3 Nf6 11. O-O Bg4 12. h3 Bxf3 13. Qxf3 Nbd7 14. Bd2 a6 15.
Bc4 Qc7 16. Rae1 Rae8 17. Kh1 Nb6 18. Bd3 c4 19. Bc2 Nfd7 20. Re2 Nc5 21. e5
dxe5 22. f5 Nbd7 23. Ne4 Nxe4 24. Bxe4 Qd6 25. a5 Nf6 26. Bc3 Rd8 27. Rd1 Rfe8
28. Ree1 b5 29. axb6 Qxb6 30. Bc2 Nh5 31. Ba4 e4 32. Qg4 Bxc3 33. bxc3 Re5 34.
fxg6 hxg6 35. Bc6 Qf2 36. d6 Rxd6 37. Rxd6 Qxe1+ 38. Kh2 e3 39. Be4 Qg3+ 40.
Qxg3 Nxg3 41. Kxg3 Rxe4 42. Rd1 f5 43. Kf3 e2 44. Re1 Kf7 45. g4 a5 46. gxf5
gxf5 47. h4 Kg6 0-1

[Event "XXV C.to Italiano a squadre A"]
[Site "ITA"]
[Date "1993.??.??"]
[Round "1"]
[White "Valenti, Giuseppe"]
[Black "Borgo, Giulio"]
[Result "0-1"]
[WhiteElo "2260"]
[BlackElo "2365"]
[PlyCount "70"]
[EventDate "1993.01.31"]

1. e4 c5 2. d4 cxd4 3. Nf3 Nc6 4. Nxd4 Nf6 5. Nc3 d6 6. Bc4 Qb6 7. Nb3 e6 8.
Be3 Qc7 9. f4 a6 10. O-O Be7 11. a3 O-O 12. Bd3 b5 13. Qf3 Rb8 14. Qh3 b4 15.
Ne2 e5 16. f5 d5 17. Ng3 bxa3 18. bxa3 Na5 19. Nd2 Bc5 20. Bxc5 Qxc5+ 21. Kh1
Nc4 22. Nb3 Qc7 23. Nh5 Nxe4 24. Bxe4 dxe4 25. Qg4 f6 26. Qxe4 Bb7 27. Qe2 Rbd8
28. Ng3 Qc6 29. Rf2 Rd7 30. h3 Rfd8 31. Kh2 e4 32. Re1 e3 33. Rf4 Rd2 34. Nxd2
Rxd2 35. Rxc4 Qxg2+ 0-1

[Event "XXV C.to Italiano a squadre A"]
[Site "ITA"]
[Date "1993.??.??"]
[Round "1"]
[White "Visentin, Claudio"]
[Black "Werther, Tobias"]
[Result "0-1"]
[WhiteElo "2034"]
[BlackElo "2325"]
[PlyCount "34"]
[EventDate "1993.01.31"]

1. d4 Nf6 2. c4 g6 3. Nc3 d5 4. Nf3 Bg7 5. Bg5 Ne4 6. cxd5 Nxg5 7. Nxg5 e6 8.
Qd2 exd5 9. Qe3+ Kf8 10. g3 Bf6 11. f4 c5 12. Rd1 Nc6 13. Qf3 h6 14. Nh3 Nxd4
15. Qxd5 Qe7 16. Ne4 Nc2+ 17. Kd2 Bf5 0-1

[Event "XXV C.to Italiano a squadre A"]
[Site "ITA"]
[Date "1993.??.??"]
[Round "2"]
[White "Altini, Daniele"]
[Black "Marinelli, Tullio"]
[Result "1/2-1/2"]
[WhiteElo "2255"]
[BlackElo "2365"]
[PlyCount "108"]
[EventDate "1993.01.31"]

1. e4 c6 2. d3 d5 3. Nd2 e6 4. g3 Nd7 5. Bg2 Bd6 6. Ngf3 Ne7 7. O-O O-O 8. Re1
b5 9. d4 Bc7 10. a4 b4 11. c4 bxc3 12. bxc3 Ba6 13. Qc2 c5 14. Ba3 Rc8 15. dxc5
Re8 16. exd5 exd5 17. Bh3 Rb8 18. c4 Ba5 19. Red1 Nf6 20. cxd5 Qxd5 21. Bg2 Bd3
22. Qc1 Be2 23. Re1 Bxf3 24. Nxf3 Bxe1 25. Nxe1 Ne4 26. Qc2 Nc6 27. Rd1 Qb3 28.
Bc1 f5 29. Be3 Qxc2 30. Nxc2 Red8 31. Ra1 Rb2 32. Na3 Rdb8 33. h4 R8b3 34. Nc4
Rb1+ 35. Rxb1 Rxb1+ 36. Kh2 Rb4 37. Nd6 Rxa4 38. Nxf5 Ne5 39. Nd6 Nxd6 40. cxd6
Ng4+ 41. Kh3 Nxe3 42. fxe3 Kf8 43. e4 Rd4 44. e5 a5 45. Bc6 a4 46. e6 Rxd6 47.
Bxa4 Rxe6 48. h5 h6 49. g4 Ke7 50. Kh4 Kf6 51. Bd1 Rd6 52. Be2 Rd4 53. Bf3 Ke5
54. Kg3 Rd3 1/2-1/2

[Event "XXV C.to Italiano a squadre A"]
[Site "ITA"]
[Date "1993.??.??"]
[Round "2"]
[White "Barletta, Mauro"]
[Black "Benvenuti, Carlo"]
[Result "1-0"]
[WhiteElo "2235"]
[BlackElo "2105"]
[PlyCount "133"]
[EventDate "1993.01.31"]

1. e4 d6 2. d4 Nf6 3. Nc3 c6 4. Nf3 Bg4 5. Be2 e6 6. O-O Be7 7. a4 a5 8. Nd2
Bxe2 9. Qxe2 O-O 10. Rd1 Na6 11. Nc4 d5 12. exd5 exd5 13. Nxa5 Re8 14. Nb3 Qc7
15. Be3 Bd6 16. h3 Re6 17. Re1 Rae8 18. Qd2 Bb4 19. Qd3 Ne4 20. f3 Bxc3 21.
bxc3 Qg3 22. fxe4 Rxe4 23. Bf2 Rxe1+ 24. Rxe1 Rxe1+ 25. Bxe1 Qxe1+ 26. Kh2 Qe6
27. Na5 Qc8 28. Qe2 h5 29. Kg1 Qc7 30. Nb3 g6 31. Qe3 Kg7 32. Kf2 Qd7 33. Ke2
b6 34. a5 bxa5 35. Nxa5 f6 36. Kd2 Qc7 37. Nb3 g5 38. Qf3 Kg6 39. Qd3+ Kg7 40.
Qxa6 Qf4+ 41. Kd1 Qe3 42. Qe2 Qxc3 43. Qxh5 Qe3 44. Qe2 Qg1+ 45. Kd2 Kg6 46.
Qe8+ Kf5 47. Qd7+ Kg6 48. Qe8+ Kf5 49. g4+ Kf4 50. Qe2 f5 51. Qe5+ Kf3 52.
Qxf5+ Kg3 53. Qd3+ Kh4 54. Qe3 Qg2+ 55. Kd3 Qf1+ 56. Kc3 c5 57. dxc5 d4+ 58.
Qxd4 Qxh3+ 59. Kb4 Qg2 60. Qc4 Qb7+ 61. Ka4 Qc6+ 62. Ka3 Qa8+ 63. Kb2 Qc6 64.
Nd4 Qb7+ 65. Kc3 Kxg4 66. c6 Qb1 67. c7 1-0

[Event "XXV C.to Italiano a squadre A"]
[Site "ITA"]
[Date "1993.??.??"]
[Round "2"]
[White "Belotti, Bruno"]
[Black "Lostuzzi, Manlio"]
[Result "1-0"]
[WhiteElo "2410"]
[BlackElo "2335"]
[PlyCount "123"]
[EventDate "1993.01.31"]

1. d4 Nf6 2. c4 c5 3. d5 b5 4. cxb5 a6 5. b6 Qxb6 6. Nc3 g6 7. Nf3 Bg7 8. e4 d6
9. Nd2 O-O 10. Nc4 Qc7 11. Be2 Nbd7 12. Bf4 Nb6 13. Ne3 Bd7 14. O-O Rfd8 15.
Qc2 Qb7 16. Rfd1 Rab8 17. Rab1 Na8 18. b3 Nc7 19. e5 Nfe8 20. exd6 exd6 21. Ne4
Bb5 22. Bf3 a5 23. a4 Ba6 24. Nxc5 dxc5 25. d6 Qa7 26. dxc7 Nxc7 27. Nd5 Ne6
28. Bxb8 Rxb8 29. Qe4 Bb7 30. Qc4 Nd4 31. Ne7+ Kf8 32. Bxb7 Qxb7 33. Nd5 Qc6
34. Re1 Rd8 35. Nf4 Kg8 36. Nd3 Bf8 37. Rbc1 Rc8 38. Ne5 Qf6 39. Nd7 Qf5 40.
Nxf8 Kxf8 41. Red1 Rd8 42. Re1 Rd5 43. Rc3 Kg7 44. h3 h5 45. Rce3 Qg5 46. Qc3
Qd8 47. Re5 Qf6 48. f4 Rxe5 49. fxe5 Qb6 50. Kh2 Kh7 51. Qc4 Kg7 52. Re3 Qc6
53. Qc3 Qb6 54. Kh1 Kg8 55. Qd3 Qe6 56. Qc4 Qc6 57. Re1 h4 58. Kh2 Kg7 59. e6
fxe6 60. Re5 Kf6 61. Qxc5 Qb7 62. Qxd4 1-0

[Event "XXV C.to Italiano a squadre A"]
[Site "ITA"]
[Date "1993.??.??"]
[Round "2"]
[White "Bernardi, Ruben"]
[Black "Bozzi, Gianni"]
[Result "1/2-1/2"]
[WhiteElo "1963"]
[BlackElo "2305"]
[PlyCount "103"]
[EventDate "1993.01.31"]

1. e4 Nf6 2. e5 Nd5 3. Nc3 e6 4. d4 d6 5. Ne4 dxe5 6. dxe5 Nc6 7. Nf3 Ndb4 8.
c3 Qxd1+ 9. Kxd1 Nd5 10. Kc2 Be7 11. Bc4 O-O 12. Rd1 Nb6 13. Bb3 Na5 14. Bf4
Nxb3 15. axb3 Nd5 16. Bg3 Bd7 17. Nd4 c5 18. Ne2 Bc6 19. Nd6 f6 20. b4 cxb4 21.
Nd4 fxe5 22. Nxc6 Bxd6 23. Nxa7 Bc5 24. Nb5 Rxa1 25. Rxa1 bxc3 26. bxc3 e4 27.
Nd4 Bxd4 28. cxd4 e3 29. fxe3 Nxe3+ 30. Kd3 Nd5 31. Ra7 Rf7 32. Ra8+ Rf8 33.
Ra7 b6 34. Rb7 h6 35. Be5 Rf7 36. Rb8+ Kh7 37. Re8 Re7 38. Rd8 b5 39. Rb8 b4
40. Bd6 Rf7 41. Bxb4 Rf2 42. Bd6 Rxg2 43. Re8 Rg6 44. Be5 Nb4+ 45. Ke3 Nc6 46.
Bf4 h5 47. h3 Nb4 48. Be5 Nc2+ 49. Kf2 Na3 50. Rc8 Nb1 51. Rc2 h4 52. Rc1
1/2-1/2

[Event "XXV C.to Italiano a squadre A"]
[Site "ITA"]
[Date "1993.??.??"]
[Round "2"]
[White "Bianco, Valerio"]
[Black "Serpi, Andrea"]
[Result "1/2-1/2"]
[WhiteElo "2235"]
[BlackElo "2163"]
[PlyCount "84"]
[EventDate "1993.01.31"]

1. d4 d5 2. Nf3 Nf6 3. c4 dxc4 4. e3 e6 5. Bxc4 c5 6. Qe2 a6 7. dxc5 Bxc5 8.
O-O Nc6 9. e4 b5 10. Bb3 e5 11. Be3 Bxe3 12. Qxe3 O-O 13. Nbd2 Ra7 14. Rac1 Nd4
15. Nxe5 Re7 16. Rxc8 Qxc8 17. Qxd4 Rd8 18. Nc6 Red7 19. Qb6 Re8 20. e5 Rxd2
21. exf6 gxf6 22. Nb4 Qf5 23. Nd5 Rxd5 24. Bxd5 Qxd5 25. Qxa6 Kg7 26. a4 b4 27.
Qb5 Qxb5 28. axb5 Rb8 29. Rc1 Rxb5 30. g3 Kg6 31. Kg2 Kf5 32. Rc4 b3 33. Kf3
Ke5 34. Ke3 f5 35. Kd3 h5 36. Kc3 Rb8 37. f3 Rd8 38. Kxb3 Rd2 39. Rc2 Rd3+ 40.
Rc3 Rd2 41. Rc2 Rd3+ 42. Rc3 Rd2 1/2-1/2

[Event "XXV C.to Italiano a squadre A"]
[Site "ITA"]
[Date "1993.??.??"]
[Round "2"]
[White "Blasco, Domenico"]
[Black "Gueci, Riccardo"]
[Result "1-0"]
[WhiteElo "2205"]
[BlackElo "2235"]
[PlyCount "132"]
[EventDate "1993.01.31"]

1. d4 Nf6 2. Nf3 g6 3. Bg5 Bg7 4. Nbd2 d6 5. e3 O-O 6. Bd3 Qe8 7. c3 e5 8. e4
exd4 9. cxd4 Nxe4 10. Nxe4 d5 11. Qe2 dxe4 12. Bxe4 c6 13. O-O Be6 14. Rfe1 Na6
15. Qd2 Nc7 16. Qb4 Qc8 17. a4 Bd5 18. Bxd5 Nxd5 19. Qb3 f6 20. Bh4 Qd7 21. a5
Rae8 22. Bg3 Rf7 23. Rxe8+ Qxe8 24. Re1 Re7 25. Kf1 Rxe1+ 26. Nxe1 Qe7 27. Qc4
Qe6 28. Qe2 Qd7 29. Nd3 b6 30. axb6 axb6 31. h3 h5 32. Kg1 Bf8 33. Qe4 Kg7 34.
Nf4 Nxf4 35. Qxf4 Kf7 36. Kf1 b5 37. Qc7 Qxc7 38. Bxc7 Ke6 39. Ke2 Kd5 40. Kd3
Be7 41. b3 f5 42. Bb8 Bd8 43. Ba7 Bc7 44. Bc5 Bd8 45. Bf8 Bb6 46. Bg7 Ba5 47.
Bf6 Bb4 48. Bd8 Ba3 49. f3 Bb2 50. Bb6 Ba3 51. Ba7 Bd6 52. Bb6 Bg3 53. Bc5 Bd6
54. Bb6 Bb8 55. Bc5 Bc7 56. Ba7 Ke6 57. Bc5 Kf6 58. Bb4 Kg5 59. Bd2+ Bf4 60.
h4+ Kxh4 61. Bxf4 g5 62. g3+ Kh3 63. Bc7 h4 64. gxh4 gxh4 65. Ke3 Kg2 66. Kf4
h3 1-0

[Event "XXV C.to Italiano a squadre A"]
[Site "ITA"]
[Date "1993.??.??"]
[Round "2"]
[White "Bottanelli, Mauro"]
[Black "Bellini, Fabio"]
[Result "0-1"]
[WhiteElo "2057"]
[BlackElo "2340"]
[PlyCount "108"]
[EventDate "1993.01.31"]

1. d4 Nf6 2. c4 e6 3. Nc3 d5 4. cxd5 exd5 5. Bg5 c6 6. Qc2 Na6 7. a3 Be7 8. Nf3
Nc7 9. e3 Ne6 10. Bh4 g6 11. Bd3 Ng7 12. Ne5 Bf5 13. b4 a6 14. O-O O-O 15. Rfc1
Nfe8 16. Bxe7 Qxe7 17. Na4 Nd6 18. Nb6 Rad8 19. Bxf5 Ngxf5 20. a4 f6 21. Nf3
Rde8 22. Qb3 Qd8 23. a5 Kh8 24. Rc2 Qe7 25. Rac1 h5 26. Nd2 Qg7 27. Qd3 Re7 28.
Nb1 Rfe8 29. Re2 Qh6 30. Rce1 Qg5 31. Kh1 Ne4 32. Nd2 h4 33. Nxe4 dxe4 34. Qd2
h3 35. Rg1 Nh4 36. gxh3 Qxg1+ 37. Kxg1 Nf3+ 38. Kg2 Nxd2 39. Rxd2 Rh7 40. Nc4
Rh5 41. f3 exf3+ 42. Kxf3 Rxh3+ 43. Kg4 Rh5 44. Rf2 Kg7 45. Rd2 Reh8 46. Kf3 f5
47. Rg2 Rh3+ 48. Rg3 Rxh2 49. Ne5 R2h3 50. Nd7 Rxg3+ 51. Kxg3 Re8 52. Kf3 g5
53. Nc5 Re7 54. Nd3 Kf6 0-1

[Event "XXV C.to Italiano a squadre A"]
[Site "ITA"]
[Date "1993.??.??"]
[Round "2"]
[White "Burlando, Alessandro"]
[Black "Braunberger, Federico"]
[WhiteElo "2112"]
[BlackElo "2028"]
[Result "1-0"]
[PlyCount "90"]
[EventDate "1993.01.31"]

1. d4 Nf6 2. c4 c5 3. d5 b5 4. Nf3 g6 5. Qc2 d6 6. e4 Bg7 7. Be2 O-O 8. O-O b4
9. Bg5 Qc7 10. Nbd2 a5 11. Rfe1 Nbd7 12. Nf1 Nb6 13. Ng3 Bd7 14. Qc1 Bg4 15.
Bh6 Bxh6 16. Qxh6 Bxf3 17. gxf3 Kh8 18. f4 Nbd7 19. Bd3 Rg8 20. Kf1 Rg7 21. f3
Rag8 22. h4 Qc8 23. Kf2 Nb6 24. Rg1 Re8 25. Rg2 Ng8 26. Qg5 h6 27. Qg4 Nf6 28.
Qxc8 Rxc8 29. e5 Nfd7 30. exd6 exd6 31. Ne4 Rd8 32. Nxd6 Nf6 33. Ne4 Nh5 34.
Ke3 Nd7 35. Nd6 f5 36. Rxg6 Ndf6 37. Rxg7 Kxg7 38. Nxf5+ Kf7 39. Nxh6+ Ke7 40.
Ng4 Kd6 41. Nf2 Re8+ 42. Ne4+ Kc7 43. Rg1 Kd7 44. Rg5 Kc7 45. Rf5 Kd7 1-0

[Event "XXV C.to Italiano a squadre A"]
[Site "ITA"]
[Date "1993.??.??"]
[Round "2"]
[White "Caselli, Luigi"]
[Black "Di Donna, Massimo"]
[Result "1/2-1/2"]
[WhiteElo "2325"]
[BlackElo "2255"]
[PlyCount "68"]
[EventDate "1993.01.31"]

1. e4 e5 2. Nf3 Nf6 3. Nxe5 d6 4. Nf3 Nxe4 5. d3 Nf6 6. d4 Be7 7. c4 O-O 8. Nc3
Re8 9. Be2 Bf5 10. O-O Bf8 11. Bg5 Nbd7 12. Nh4 Bg6 13. Nxg6 hxg6 14. Bf3 c6
15. b4 d5 16. cxd5 Bxb4 17. dxc6 Bxc3 18. cxd7 Qxd7 19. Rb1 Ne4 20. Bxe4 Rxe4
21. Qf3 Qd5 22. Qxc3 Rg4 23. g3 Rxg5 24. a4 Rf5 25. Rb5 Qd7 26. Rfb1 b6 27.
Rxf5 gxf5 28. Qf3 Rd8 29. Rb4 Qd5 30. Qxd5 Rxd5 31. Rb5 Rxd4 32. a5 f4 33. axb6
axb6 34. Rxb6 fxg3 1/2-1/2

[Event "XXV C.to Italiano a squadre A"]
[Site "ITA"]
[Date "1993.??.??"]
[Round "2"]
[White "Cerchiari, Fulvio"]
[Black "Negrini, Claudio"]
[WhiteElo "2124"]
[BlackElo "2108"]
[Result "1/2-1/2"]
[PlyCount "76"]
[EventDate "1993.01.31"]

1. d4 Nf6 2. Nf3 c5 3. c3 e6 4. Bf4 Qb6 5. Qb3 Nc6 6. e3 Qxb3 7. axb3 Nh5 8.
Bc7 cxd4 9. exd4 d6 10. b4 Nf4 11. b5 Nd5 12. Ba5 Nxa5 13. Rxa5 Be7 14. Nbd2
Bd7 15. Bd3 Nc7 16. c4 b6 17. Ra2 a5 18. bxa6 Rxa6 19. Rxa6 Nxa6 20. Ke2 Nb4
21. Ra1 Nxd3 22. Kxd3 Kd8 23. Ra8+ Bc8 24. Ra7 Rf8 25. Ne4 Bd7 26. Rb7 b5 27.
c5 Bc6 28. Rb8+ Kd7 29. Rxf8 Bxf8 30. Nxd6 Bxd6 31. cxd6 Kxd6 32. Ne5 Be8 33.
Ng4 f6 34. Ne3 e5 35. Nf5+ Kd5 36. Ne3+ Kd6 37. Nf5+ Kd5 38. Ne3+ Kd6 1/2-1/2

[Event "XXV C.to Italiano a squadre A"]
[Site "ITA"]
[Date "1993.??.??"]
[Round "2"]
[White "Cividali, Emilio"]
[Black "Pozzi, Enrico"]
[Result "0-1"]
[WhiteElo "1926"]
[BlackElo "2225"]
[PlyCount "67"]
[EventDate "1993.01.31"]

1. d4 d6 2. c4 Nf6 3. Nc3 c6 4. g3 g6 5. Bg2 Bg7 6. Nf3 O-O 7. O-O Nbd7 8. e4
Qc7 9. h3 e5 10. Re1 Re8 11. Rb1 exd4 12. Nxd4 Nb6 13. b3 a6 14. Bf4 Nh5 15.
Be3 Be6 16. Qd2 Rad8 17. Rbc1 Nc8 18. g4 Nf6 19. f4 Bd7 20. f5 gxf5 21. exf5 d5
22. g5 Ne4 23. Nxe4 dxe4 24. f6 Bf8 25. Qf2 c5 26. Nf5 Bxf5 27. Qxf5 Re5 28.
Qg4 Qc6 29. Rcd1 Rde8 30. Bf4 R5e6 31. Rd5 b5 32. Red1 bxc4 33. bxc4 Nb6 34.
Qe2 0-1

[Event "XXV C.to Italiano a squadre A"]
[Site "ITA"]
[Date "1993.??.??"]
[Round "2"]
[White "Colombo, Alberto"]
[Black "Nicolo', Filippo"]
[WhiteElo "2001"]
[BlackElo "1863"]
[Result "1-0"]
[PlyCount "109"]
[EventDate "1993.01.31"]

1. Nf3 d5 2. d4 Nf6 3. Bg5 Ne4 4. Bf4 Bf5 5. e3 e6 6. Nbd2 Nd7 7. h3 Be7 8. Be2
h6 9. O-O O-O 10. c4 c6 11. Nxe4 Bxe4 12. Rc1 Qb6 13. Nd2 Bh7 14. Nb3 dxc4 15.
Bxc4 a5 16. a4 Qb4 17. Be5 Nxe5 18. dxe5 Rfd8 19. Qg4 Bf5 20. Qh5 Qxa4 21. Nd4
Bg6 22. Qg4 Kh7 23. h4 h5 24. Qf3 Rh8 25. g4 hxg4 26. Qxg4 Kg8 27. Bxe6 Rxh4
28. Qxg6 fxe6 29. Qxe6+ Kf8 30. Qg6 Rxd4 31. exd4 Qxd4 32. Qf5+ Kg8 33. Rc3 Qd5
34. Rd3 Rf8 35. Qxf8+ Kxf8 36. Rxd5 cxd5 37. Rd1 Kf7 38. Rxd5 b6 39. Kg2 Ke6
40. Rb5 Bc5 41. f4 Kf5 42. Kf3 a4 43. Rxc5 bxc5 44. Ke3 g5 45. fxg5 Kxe5 46.
Kd3 Kf5 47. Kc4 Kxg5 48. Kxc5 Kf5 49. Kb5 Ke5 50. Kxa4 Kd6 51. Kb5 Kc7 52. Ka6
Kc6 53. b4 Kc7 54. b5 Kb8 55. Kb6 1-0

[Event "XXV C.to Italiano a squadre A"]
[Site "ITA"]
[Date "1993.??.??"]
[Round "2"]
[White "Colombo, Paolo"]
[Black "Stavru, Alessandro"]
[Result "0-1"]
[WhiteElo "2215"]
[BlackElo "2250"]
[PlyCount "78"]
[EventDate "1993.01.31"]

1. d4 f5 2. Nf3 Nf6 3. c4 e6 4. g3 d5 5. Bg2 c6 6. O-O Bd6 7. b3 Qe7 8. Bb2 O-O
9. Nbd2 b6 10. Ne5 Bb7 11. f3 c5 12. e3 Nc6 13. Qe2 cxd4 14. exd4 f4 15. Bh3
fxg3 16. hxg3 Nh5 17. Kh2 Rf6 18. f4 Bxe5 19. dxe5 Rh6 20. Rg1 Rf8 21. Nf3 Rxf4
22. Bc1 Re4 23. Qf2 Rg6 24. cxd5 exd5 25. Bf5 Nxe5 26. Nxe5 Qxe5 27. Bxe4 dxe4
28. Be3 Nf6 29. Kg2 Ng4 30. Qd2 Rd6 31. Qe2 Nxe3+ 32. Qxe3 Qb2+ 33. Kh3 Rh6+
34. Kg4 Bc8+ 35. Kf4 Rf6+ 36. Kxe4 Re6+ 37. Kf3 Bb7+ 38. Kf4 Qf6+ 39. Kg4 Rxe3
0-1

[Event "XXV C.to Italiano a squadre A"]
[Site "ITA"]
[Date "1993.??.??"]
[Round "2"]
[White "De Sortis, Sergio"]
[Black "Mauro, Alan"]
[Result "1/2-1/2"]
[WhiteElo "1900"]
[BlackElo "2240"]
[PlyCount "86"]
[EventDate "1993.01.31"]

1. e4 c5 2. Nf3 d6 3. d4 cxd4 4. Nxd4 Nf6 5. Nc3 g6 6. Be3 Bg7 7. f3 O-O 8. Qd2
Nc6 9. Bc4 a5 10. a4 Nxd4 11. Bxd4 Be6 12. Bxe6 fxe6 13. O-O Rc8 14. Nb5 Nd7
15. Bxg7 Kxg7 16. Kh1 Qb6 17. Qd4+ e5 18. Qxb6 Nxb6 19. c3 g5 20. b3 h5 21. h3
Nd7 22. Kg1 g4 23. Kh2 gxf3 24. gxf3 Rf6 25. Ra2 Rcf8 26. Rg2+ Kh6 27. Rfg1
R6f7 28. Nc7 Rxf3 29. Rg6+ Kh7 30. R6g5 Rf2+ 31. Kh1 R2f6 32. Rxh5+ Rh6 33.
Rxh6+ Kxh6 34. b4 Rf3 35. bxa5 Rxh3+ 36. Kg2 Rxc3 37. Nd5 Rc2+ 38. Kf3 e6 39.
Ne7 Nc5 40. Ng8+ Kh5 41. Nf6+ Kh4 42. Rg4+ Kh3 43. Rg3+ Kh4 1/2-1/2

[Event "XXV C.to Italiano a squadre A"]
[Site "ITA"]
[Date "1993.??.??"]
[Round "2"]
[White "D'Amore, Carlo"]
[Black "Bellomo, Francesco"]
[Result "1/2-1/2"]
[WhiteElo "2415"]
[BlackElo "2365"]
[PlyCount "62"]
[EventDate "1993.01.31"]

1. Nf3 Nf6 2. g3 b6 3. Bg2 Bb7 4. d3 e6 5. e4 d5 6. O-O Be7 7. a4 c5 8. exd5
exd5 9. d4 Nbd7 10. a5 O-O 11. a6 Bc6 12. Ne5 Nxe5 13. dxe5 Nd7 14. Re1 Nb8 15.
Nc3 d4 16. Ne4 Nd7 17. Qh5 Rc8 18. Bf4 c4 19. Rad1 Nc5 20. Nd6 Bxd6 21. Rxd4
Qe8 22. Rxd6 Bxg2 23. Kxg2 Qa4 24. Qg4 Kh8 25. Red1 Qxa6 26. Be3 Qb7+ 27. Kg1
Ne6 28. Rd7 Rc7 29. R7d5 Rcc8 30. h4 h6 31. Rd7 Rc7 1/2-1/2

[Event "XXV C.to Italiano a squadre A"]
[Site "ITA"]
[Date "1993.??.??"]
[Round "2"]
[White "Dino, Giuseppe"]
[Black "Scerbo, Antonio"]
[WhiteElo "1965"]
[BlackElo "2052"]
[Result "0-1"]
[PlyCount "110"]
[EventDate "1993.01.31"]

1. e4 c5 2. Nf3 Nc6 3. d4 cxd4 4. Nxd4 Nf6 5. Nc3 e5 6. Ndb5 d6 7. Bg5 a6 8.
Bxf6 gxf6 9. Na3 b5 10. Nd5 f5 11. Bd3 Be6 12. c3 Bg7 13. Nc2 O-O 14. Qh5 fxe4
15. Bxe4 f5 16. Nf6+ Bxf6 17. Bxc6 Rc8 18. Nb4 a5 19. Bd5 Bxd5 20. Nxd5 Bg7 21.
O-O Rc4 22. g3 Rg4 23. h4 Qd7 24. Kh2 e4 25. f3 exf3 26. Rxf3 Qe6 27. Nf4 Qe4
28. Rf2 Qe3 29. Rg2 Be5 30. Rf1 Kh8 31. Qh6 Kg8 32. Rff2 b4 33. Qe6+ Kh8 34.
Re2 Qf3 35. Rxe5 dxe5 36. Qxe5+ Kg8 37. Ne6 Re8 38. Rd2 Rg6 39. Nd4 Rxe5 40.
Nxf3 Re3 41. Ng5 h6 42. Rd8+ Kg7 43. Rd7+ Kf8 44. Rf7+ Ke8 45. Rxf5 hxg5 46.
hxg5 Rg8 47. Rxa5 bxc3 48. bxc3 Rxc3 49. a4 Rc2+ 50. Kg1 Kf7 51. Ra7+ Kg6 52.
Rb7 Rd8 53. Rb6+ Kxg5 54. Rb1 Rd6 55. a5 Kg4 0-1

[Event "XXV C.to Italiano a squadre A"]
[Site "ITA"]
[Date "1993.??.??"]
[Round "2"]
[White "Evangelisti, Claudio R."]
[Black "Racioppo, Paolo"]
[Result "1-0"]
[WhiteElo "2265"]
[BlackElo "2114"]
[PlyCount "69"]
[EventDate "1993.01.31"]

1. d4 f5 2. g3 d6 3. Nf3 Nf6 4. Bg2 g6 5. O-O Bg7 6. c4 O-O 7. Nc3 Qe8 8. Qb3
c6 9. Bf4 h6 10. Rad1 g5 11. Bc1 Kh8 12. d5 Na6 13. Nd4 e5 14. dxe6 Nc5 15. Qc2
Bxe6 16. Nxf5 Qg6 17. Nd4 Qxc2 18. Nxc2 Bxc4 19. Rxd6 Ne8 20. Rd2 Bxc3 21. bxc3
Na4 22. Ne3 Be6 23. Ba3 Rf7 24. Rb1 Nf6 25. c4 Nc3 26. Rb3 Nce4 27. Rd4 c5 28.
Rxe4 Nxe4 29. Bxe4 Rd8 30. Bxc5 b6 31. Bb4 Rc7 32. Rd3 Rcd7 33. Kf1 Kg8 34. Nd5
Kf7 35. Rf3+ 1-0

[Event "XXV C.to Italiano a squadre A"]
[Site "ITA"]
[Date "1993.??.??"]
[Round "2"]
[White "Facchetti, Gianni"]
[Black "Manzardo, Bruno"]
[Result "1-0"]
[WhiteElo "2133"]
[BlackElo "2115"]
[PlyCount "92"]
[EventDate "1993.01.31"]

1. e4 e5 2. Nf3 Nc6 3. c3 Be7 4. Bb5 d6 5. Qe2 Nf6 6. d4 exd4 7. Nxd4 Bd7 8.
Nxc6 bxc6 9. Bd3 O-O 10. O-O Re8 11. Re1 h6 12. h3 Bf8 13. Qf3 Nh7 14. Bf4 Rb8
15. b3 Qf6 16. Nd2 Ng5 17. Qg3 Ne6 18. Be3 c5 19. Rac1 Qg6 20. Qxg6 fxg6 21. e5
g5 22. Bg6 Red8 23. exd6 cxd6 24. Be4 Be8 25. Bd5 Bf7 26. Bxe6 Bxe6 27. Bxg5
Re8 28. Bf4 Rbd8 29. c4 d5 30. cxd5 Rxd5 31. Nc4 Kf7 32. Rc3 g5 33. Bg3 Bg7 34.
Rf3+ Ke7 35. Rfe3 Kd7 36. Be5 Bf8 37. Bc3 Bd6 38. Nxd6 Kxd6 39. g4 Kd7 40. Re5
Rxe5 41. Rxe5 Kd6 42. Re3 Re7 43. Kh2 Rf7 44. Kg3 Bd5 45. Be5+ Kc6 46. Rc3 Kb5
1-0

[Event "XXV C.to Italiano a squadre A"]
[Site "ITA"]
[Date "1993.??.??"]
[Round "2"]
[White "Fercec, Nenad"]
[Black "Vancini, Edoardo"]
[Result "1-0"]
[WhiteElo "2385"]
[BlackElo "2285"]
[PlyCount "77"]
[EventDate "1993.01.31"]

1. e4 c5 2. Nf3 e6 3. d4 cxd4 4. Nxd4 Nc6 5. Nc3 Qc7 6. Be2 a6 7. O-O Nf6 8.
Be3 Bb4 9. f4 Bxc3 10. bxc3 Nxe4 11. Bf3 Nxc3 12. Qe1 Ne7 13. f5 e5 14. Qg3 d6
15. Rae1 Bxf5 16. Qxg7 Rg8 17. Nxf5 Rxg7 18. Nxg7+ Kf8 19. Bh6 Kg8 20. Bh5 Ng6
21. Nf5 Nd5 22. Rf2 Nf6 23. Bd1 d5 24. Ref1 Ne4 25. Rf3 Re8 26. g3 Re6 27. Be3
f6 28. c3 Nxc3 29. Bb3 a5 30. Bd2 Ne4 31. Rc1 Qd8 32. Be1 Rc6 33. Rd1 Rc5 34.
Rfd3 Qb6 35. Kg2 Kf8 36. Rxd5 Rxd5 37. Rxd5 a4 38. Bb4+ Qxb4 39. Rd8# 1-0

[Event "XXV C.to Italiano a squadre A"]
[Site "ITA"]
[Date "1993.??.??"]
[Round "2"]
[White "Grosar, Aljosa"]
[Black "Godena, Michele"]
[Result "0-1"]
[WhiteElo "2480"]
[BlackElo "2485"]
[PlyCount "48"]
[EventDate "1993.01.31"]

1. e4 e5 2. Nf3 Nc6 3. d4 exd4 4. Nxd4 Bc5 5. Be3 Qf6 6. c3 Nge7 7. Bc4 b6 8.
O-O Bb7 9. Nb3 Bd6 10. f4 Qg6 11. N1d2 f5 12. Be2 O-O 13. Bf3 fxe4 14. Bxe4 Nf5
15. Qf3 Rae8 16. Rae1 Rxe4 17. Nxe4 Nh4 18. Qg3 Qxe4 19. Qxh4 Nd4 20. Qf2 Nc2
21. Re2 Ba6 22. c4 Nxe3 23. Rxe3 Qxc4 24. Rc1 Qxf4 0-1